000 00637nam a2200241 a 4500
001 BRCA_7117
005 20190320205723.0
008 030811s1921----gw-ac#####---#000-0#ger-#
041 _ager
044 _agw
050 4 _aBL51
_b.E83 2 1921
100 1 _aEucken, Rudolf Christof
_d1846-1926
_915752
245 1 0 _aDer Sinn und Wert des Lebens
_cvon Rudolf Eucken.
250 _a8
260 _aLeipzig, Alemania
_bQuelle & Meyer
_c1921
300 _avii, 159 p.
_bil.
_c22 cm.
500 _aEjemplar igual a K138
500 _aO135
650 1 4 _aReligión
_915573
650 1 4 _aFilosofía
_914906
902 _aGFM
942 _2lcc
_cB
999 _c6798
_d6798